Les matières en éco-droit - Statistiques

Statistiques générales
  • Ce quiz a été pris 19 fois
  • Le résultat moyen est 2 sur 8
Answers on the Grid
Answers color-coded by a green-red scale on the quiz's grid according to % correct below.
droit civil
droit constitutionnel
droit pénal
histoire économique et politique des sociétés européennes
histoire géographie
institutions européennes
introduction à la gestion
introduction à l’analyse de données économiques
introduction à l’analyse de la merde économique
introduction aux sciences politiques
macro économie
management
mathématiques
micro économie
mini économie
statistiques
 
Statistiques - réponses
Réponse % Correct
droit constitutionnel
60%
droit civil
53%
micro économie
33%
histoire économique et politique des sociétés européennes
27%
macro économie
27%
institutions européennes
20%
introduction à l’analyse de données économiques
20%
mathématiques
7%
Aucun quiz correspondant
Distribution des résultats
% des personnes avec chaque résultat
Percentile par nombre de réponses
Votre historique - résultats
Vous n’avez pas pris ce quiz